| 000 | 00934nac a22002777a 4500 | ||
|---|---|---|---|
| 001 | BR5600196 | ||
| 003 | BR-BrBNA | ||
| 005 | 20240105112925.0 | ||
| 008 | 230509b bl.|||m| |||| 00| 0 por d | ||
| 040 |
_aBR-BrBNA _bpor _cBiblioteca Nacional de Agricultura |
||
| 072 | _aM10 | ||
| 090 | _a8140 BR5600196 | ||
| 110 | 1 | _aDepartamento Nacional de Obras Contra as Secas, Fortaleza, CE (Brasil) | |
| 245 | 1 | _aInjecting pituitary (hypophyseal)hormones into fish to induce spawning [Curimata, hormonio animal, Ceara, Brasil] | |
| 260 | 3 |
_aFortaleza, CE (Brasil): _c1956. |
|
| 300 | _a14 p. | ||
| 490 |
_aPublicacao. Serie I-C - Departamento Nacional de Obras Contra as Secas (Brazil) _vno. 168 _x |
||
| 500 | _a11 ref. | ||
| 650 | _aCURIMATA | ||
| 650 | _aPEIXE DE AGUA DOCE | ||
| 650 | _aHORMONIO ANIMAL | ||
| 650 | _aDESOVA | ||
| 650 | _aCEARA | ||
| 909 |
_a202312 _bLúcia Elande _c55 _dLúcia Elande |
||
| 942 |
_2AGRIS _n0 _cMS |
||
| 999 |
_c260953 _d260953 |
||